Úskalia liečby autoimunitnej hemolytickej anémie v detskom veku

Podrobná bibliografia
Hlavní autori: Trebuňová, K. (Autor), Bálintová, E. (Autor), Čintalánová, H. (Autor), Kuchta, Milan, 1956- (Autor)
Korporatívny autor: Slovenský pediatrický kongres (Autor)
Médium: Konferenčný príspevok Článok
Jazyk:angličtina
slovenčina
ISSN:0069-2328
Predmet:

MARC

LEADER 00000nab a2200000 a 4500
001 vtls008875129
003 SK-MaSNL
005 20260303223743.0
008 141112c2005 xo 0 eng
015 |a SNBCL2005/5 
035 |a SLK035720 
040 |a SLKCL  |b slo  |c SNKBUCL  |e AACR2 
041 1 |a eng  |a slo 
044 |a xo  |c SK 
080 |a 616.155.194-07-08-053.2:061.3  |2 1981 
245 0 0 |a Úskalia liečby autoimunitnej hemolytickej anémie v detskom veku  |c K. Trebuňová ... [et al.] 
246 1 0 |a Treatment of autimmunity haemolytic anaemia in children 
650 0 7 |a diagnostika (medicína)  |2 MESH  |9 28740 
650 0 7 |a prednizón  |x aplikácia a dávkovanie  |2 MESH  |9 1258664 
650 0 7 |a imunoglobulíny  |2 MESH  |9 366028 
650 0 7 |a cyklosporín  |2 MESH  |9 1196894 
650 0 7 |a dieťa  |2 MESH  |9 294563 
650 0 7 |a abstrakty z kongresu  |2 MESH  |9 168204 
650 0 7 |a autoimunitná hemolytická anémia  |2 MESH  |9 1063887 
700 1 |a Trebuňová, K.  |4 aut  |9 1258665 
700 1 |a Bálintová, E.  |4 aut  |9 855408 
700 1 |a Čintalánová, H.  |4 aut  |9 1258666 
700 1 |a Kuchta, Milan,  |d 1956-  |4 aut  |9 188678 
711 2 |a Slovenský pediatrický kongres  |n (5. :  |d 2005 :  |c Bratislava, Slovensko)  |4 aut  |9 171695 
773 0 |t Česko-slovenská pediatrie  |g Roč. 60, č. 8-9 (2005), s. 538  |x 0069-2328 
850 |a Slovenská lekárska knižnica v Bratislave  |a BA006 
852 |a BA006  |b KIS3GCP  |b 000500000 
999 |c 2249213  |d 2251143